Union of the Comoros : Enhanced Heavily Indebted Poor Countries (HIPC) Initiative- Decision Point Document.

The assessment shows that despite challenging circumstances, Comoros has made progress on political and economic reforms under IMF-supported programs. Comorian authorities implemented a program for maintaining macroeconomic stability, reducing poverty, improving public financial management, public e...

ver descrição completa

Detalhes bibliográficos
Autor Corporativo: International Monetary Fund
Formato: Periódico
Idioma:English
Publicado em: Washington, D.C. : International Monetary Fund, 2010.
coleção:IMF Staff Country Reports; Country Report ; No. 2010/242
Acesso em linha:Full text available on IMF
LEADER 01794cas a2200241 a 4500
001 AALejournalIMF006644
008 230101c9999 xx r poo 0 0eng d
020 |c 5.00 USD 
020 |z 9781455203413 
022 |a 1934-7685 
040 |a BD-DhAAL  |c BD-DhAAL 
110 2 |a International Monetary Fund. 
245 1 0 |a Union of the Comoros :   |b Enhanced Heavily Indebted Poor Countries (HIPC) Initiative- Decision Point Document. 
264 1 |a Washington, D.C. :  |b International Monetary Fund,  |c 2010. 
300 |a 1 online resource (55 pages) 
490 1 |a IMF Staff Country Reports 
500 |a <strong>Off-Campus Access:</strong> No User ID or Password Required 
500 |a <strong>On-Campus Access:</strong> No User ID or Password Required 
506 |a Electronic access restricted to authorized BRAC University faculty, staff and students 
520 3 |a The assessment shows that despite challenging circumstances, Comoros has made progress on political and economic reforms under IMF-supported programs. Comorian authorities implemented a program for maintaining macroeconomic stability, reducing poverty, improving public financial management, public expenditure policy, and external debt management. The IMF and IDA authorities assessed that, on this decision point, the full delivery of Heavily Indebted Poor Countries (HIPC) and Multilateral Debt Relief Initiative (MDRI) debt relief and sound debt management debt relief will enable the government to better implement the economic reforms that are needed to support sustainable growth in Comoros. 
538 |a Mode of access: Internet 
830 0 |a IMF Staff Country Reports; Country Report ;  |v No. 2010/242 
856 4 0 |z Full text available on IMF  |u http://elibrary.imf.org/view/journals/002/2010/242/002.2010.issue-242-en.xml  |z IMF e-Library